000 00440nam a2200157 a 4500
001 000033613
005 20200930070403.0
008 110901s1874 dr 000 0 spa d
040 _aDO-SdBNP
_bspa
_cBNPHU
110 1 _aRepública Dominicana
_9447
240 1 0 _a[Leyes, etc.]
245 1 0 _aCódigo civil dominicano /.
260 _aSanto Domingo :
_aImprenta de García Hermano,
_c1874.
300 _a259, xi p. ;
_c24 cm.
049 _aBNPD
999 _c33104
_d33104